Normal view
MARC view
- Success
Entry Topical Term
001 - CONTROL NUMBER
- control field: 1618
003 - CONTROL NUMBER IDENTIFIER
- control field: OSt
005 - DATE AND TIME OF LATEST TRANSACTION
- control field: 20170505091839.0
008 - FIXED-LENGTH DATA ELEMENTS
- fixed length control field: 170505|| aca||aabn | a|a d
040 ## - CATALOGING SOURCE
- Original cataloging agency: OSt
- Transcribing agency: OSt
150 ## - HEADING--TOPICAL TERM
- Topical term or geographic name entry element: Success
- General subdivision: Psychological aspects Wealth
670 ## - SOURCE DATA FOUND
- Source citation: Work cat.: (OSt): Sayling, Wen, 1948- 1617, Success with wealth and joy/, 1999.

PORTAL AKMAL
E-MEL JKDM
AKMAL2U
G-BAM
u-PUSTAKA